00855cam a22002531 4500001001300000003000400013005001700017008004100034010001700075035001800092040002600110042001200136050002300148100003300171245008900204260005000293300003500343490004600378500004300424504002400467650003800491650002200529810005000551gs 56000318 DLC20260227111404.0720309s1955 xx 000 0 eng  ags 56000318  a(OCoLC)259936 aDLCcOAkUdOCoLCdDLC apremarc00aQE185b.A43 no. 351 aMcLaren, Digby Johns,d1919-10aDevonian formations in the Alberta Rocky Mountains between Bow and Athabasca Rivers. aOttawa,bE. Cloutier, Queen's printer,c1955. a59 p.bfold. col. map, diagrs.1 aGeological Survey of Canada. Bulletin 35 aPart of illustrative matter in pocket, a"References": p. 8. 0aGeology, StratigraphicyDevonian. 0aGeologyzAlberta.2 aGeological Survey of Canada.tBulletin ;v35.